00381nam a2200121 a 450000500170000000800410001704100080005804400070006610000250007324501110009826000390020930000110024820140814020002.0140123b2004 ck ||||| |||| 00| 0 spa d aspa ack aArias Vanegas, Julio aGanadería, paisajes, territorio y región. una historia ecológica y social de la Orinoquia colombiana aBogotábInstituto Humboldtc2004 a139 p.